Introducción a los negocios empresarios (Registro nro. 2438)

Detalles MARC
000 -LEADER
fixed length control field 01476 a2200205 4500
001 - CONTROL NUMBER
control field 34346
005 - DATE AND TIME OF LATEST TRANSACTION
control field 20260407155631.0
008 - FIXED-LENGTH DATA ELEMENTS--GENERAL INFORMATION
fixed length control field 260407a1974 arg spa d
003 - CONTROL NUMBER IDENTIFIER
control field AR-UNSa-BCEJYS
040 ## - CATALOGING SOURCE
Original cataloging agency AR-UNSa-BCEJYS
Language of cataloging spa
Transcribing agency AR-UNSa-BCEJYS
080 ## - UNIVERSAL DECIMAL CLASSIFICATION NUMBER
Universal Decimal Classification number 658
Common auxiliary subdivision Administración de empresas. Organización comercial
100 1# - MAIN ENTRY--PERSONAL NAME
Personal name Withers, William
245 10 - TITLE STATEMENT
Title Introducción a los negocios empresarios
264 #1 - PRODUCTION, PUBLICATION, DISTRIBUTION, MANUFACTURE, AND COPYRIGHT NOTICE
Place of production, publication, distribution, manufacture Buenos Aires :
Name of producer, publisher, distributor, manufacturer Tipográfica Editora Argentina
Date of production, publication, distribution, manufacture, or copyright notice 1974
300 ## - PHYSICAL DESCRIPTION
Extent 514 p.
Dimensions 23 cm.
505 ## - FORMATTED CONTENTS NOTE
Formatted contents note 1. Carácter de la empresa norteamericana - 2. Problemas habituales de la empresa - 3. Historia de las empresas norteamericanas - 4. Teoría de la libre empresa - 5. Teoría de la dirección de empresa - 6. El ámbito de la dirección - 7. La moderna sociedad anónima: Poder y responsabilidad - 8. El hombre en la sociedad anónima - 9. Funciones de la empresa y aspectos relacionados con la obtención de mano de obra, materias primas, capital y equipos y tecnologías - 10. La estructura industrial - 11. Fabricación en serie y automatización - 12. La estructura comercial - 13. Planificación de la empresa - 14. Organización de la empresa - 15. Control de la empresa - 16. La empresa como ente social - 17. La empresa y las relaciones con el personal - 18. Relacioes laborales - 19. La empresa y el gobierno - 20. El futuro de la empresa norteamericana.
590 ## - LOCAL NOTE (RLIN)
Local note niveau_biblio:m niveau_hierar:0
700 1# - ADDED ENTRY--PERSONAL NAME
Personal name Robotnik, Mauricio
942 ## - ADDED ENTRY ELEMENTS (KOHA)
Koha item type
Existencias
Withdrawn status Lost status Damaged status Not for loan Home library Current library Shelving location Date acquired Total checkouts Full call number Barcode Date last seen Price effective from Koha item type
        Biblioteca Prof. Eusebio Cleto del Rey Biblioteca Prof. Eusebio Cleto del Rey   07/04/2026   658 W822 L25282 07/04/2026 07/04/2026 Libro